| 000 | 00734nam a22002057a 4500 | ||
|---|---|---|---|
| 999 |
_c9507 _d9507 |
||
| 003 | AR-CdUCM | ||
| 008 | 190328b ||||| |||| 00| 0 spa d | ||
| 040 |
_aMUNICIPALIDAD PROVINCIAL DEL CUSCO _cBIBLIOTECA MUNICIPAL DEL CUSCO |
||
| 082 |
_a340.982 / _bR78 / 1929 |
||
| 100 |
_aRojas Mery, Eulogio _925751 |
||
| 245 | _aCódigos de la nación Argentina / | ||
| 260 |
_aBuenos Aires : _bHenri proost, _c1929. |
||
| 300 |
_a1719 paginas ; _c19 cm. |
||
| 505 | _aContenido : De la manera contencioso-administrativa -- De los procesos contencioso-administrativo. | ||
| 650 |
_aCódigos de Argentina _925752 |
||
| 650 |
_aProceso contencioso _925753 |
||
| 650 |
_aProceso administrativo _925754 |
||
| 942 |
_2ddc _cLIBROS |
||
| 945 | _awnts | ||